Jesus Before Christianity (Record no. 20930)

MARC details
000 -LEADER
fixed length control field 00293nam a22001337a 4500
020 ## - INTERNATIONAL STANDARD BOOK NUMBER
ISBN 978-81-7109-822-4
082 ## - DEWEY DECIMAL CLASSIFICATION NUMBER
Classification number 232 NOL
100 ## - MAIN ENTRY--AUTHOR NAME
Author name Nolan, Albert
245 ## - TITLE STATEMENT
Title Jesus Before Christianity
260 ## - PUBLICATION, DISTRIBUTION, ETC. (IMPRINT)
Place of publication Mumbai
Name of publisher St. Pauls
Year of publication 1976
300 ## - PHYSICAL DESCRIPTION
Number of Pages 228
650 ## - SUBJECT ADDED ENTRY--TOPICAL TERM
Topical Term Jesus Christ
942 ## - ADDED ENTRY ELEMENTS (KOHA)
Koha item type Books
Holdings
Home library Current library Shelving location Date acquired Cost, normal purchase price Full call number Accession Number Koha item type
Henry Martyn Institute Library Henry Martyn Institute Library General stacks 04/17/2018 110.00 232 NOL 024848 Books
                   Copyright © 2026 | Henry Martyn Institute | Hyderabad | TS-500052 | INDIA | Implemented by hmi.edu.in
Hit-Count:

Powered by Koha